| 000 | 00352nam a2200145Ia 4500 | ||
|---|---|---|---|
| 008 | 210719s1929 xx 000 0 und d | ||
| 041 | _aeng | ||
| 082 | _a820.22 TAGP | ||
| 100 | _aTAGORE (Rabindranath) | ||
| 245 | _aPost office. | ||
| 260 |
_aLondon _bMacmillan & Co. Ltd. _c1929 |
||
| 300 |
_avii,88 _bHB |
||
| 365 | _cRs | ||
| 650 | _aEnglish Drama | ||
| 999 |
_c214074 _d214074 |
||